| 000 | 01057nma a22002057a 4500 | ||
|---|---|---|---|
| 005 | 20210325204408.0 | ||
| 006 | g q || | ||
| 008 | s2553 th tha d | ||
| 041 | _atha | ||
| 090 | _aCD1597 | ||
| 245 | 1 | 0 | _aสปอตประชาสัมพันธ์และบทความการประชุมสหภาพรัฐสภา IPU ครั้งที่ 122 บัดนี้-1เมษายน 2553 |
| 260 | 3 |
_aกรุงเทพฯ : _bสำนักองค์การรัฐสภาระหว่างประเทศ สำนักงานเลขาธิการสภาผู้แทนราษฎร, _c2553 |
|
| 300 |
_a1 แผ่น : _b sd., col. |
||
| 650 | 0 | 4 | _aสหภาพรัฐสภา |
| 650 | 0 | 4 | _aIPU -- Congresses and conventions |
| 850 | _aNALT | ||
| 942 | _cCD | ||
| 997 |
_c000000000060719 _kVC |
||
| 998 | _aนายนายสมเกียรติ หะรังศรี | ||
| 999 |
_c60719 _d60719 |
||